[Event "RUS-Cup10"]
[Site "Tomsk"]
[Date "1997.07.25"]
[Round "4"]
[White "Landa, Konstantin"]
[Black "Filippov, Valerij"]
[Result "1/2-1/2"]
[WhiteElo "2560"]
[BlackElo "2535"]

1.d4 d5 2.c4 c6 3.Nf3 Nf6 4.Nc3 e6 5.e3 Nbd7 6.Bd3 dxc4 7.Bxc4 b5 8.Bd3 a6
9.e4 c5 10.e5 cxd4 11.Nxb5 axb5 12.exf6 Qb6 13.fxg7 Bxg7 14.O-O Bb7 15.Re1 Nc5
16.Bf4 Nxd3 17.Qxd3 Bxf3 18.Qxf3 O-O 19.Qg3 Kh8 20.Rac1 Rac8 21.Bc7 Qb7 22.Be5 Rg8
23.Rxc8 Qxc8 24.Bxg7+ Rxg7 25.Qd6 h6 26.Qxd4 Qa8 27.g3 Qxa2 28.Qd2 Kh7 29.Qd3+ Rg6
30.Qxb5 Rg5 31.Qd3+ Kg7 32.Qd4+ Kh7 33.Rc1 Rd5 34.Qe4+ Kg7 35.Qg4+ Kf6 36.Qf4+ Kg6
37.Qg4+ Kf6 38.Qf4+ Kg6 39.Qe4+ Kg7 40.Qb4 Qa7 41.Qc3+ Qd4 42.Kf1 Kf6 43.Qxd4+ Rxd4
44.Rb1 Rb4 45.b3 Ke5 46.Ke2 Kd4 47.Rd1+ Ke5 48.Rb1 Kd4 49.Rd1+ Ke5 50.Rd3 Rb7
51.Kd2 h5 52.Kc3 Rc7+ 53.Kb2 Rb7 54.Kc3 Rc7+ 55.Kb2 Rb7 56.Rc3  1/2-1/2

[Event "Credit Suisse"]
[Site "Biel"]
[Date "1997.07.27"]
[Round "6"]
[White "Karpov, Anatoly"]
[Black "Pelletier, Yannick"]
[Result "1-0"]
[WhiteElo "2745"]
[BlackElo "2465"]

1.d4 d5 2.c4 c6 3.Nc3 Nf6 4.e3 e6 5.Nf3 Nbd7 6.Qc2 Bd6 7.Bd3 O-O 8.O-O h6
9.Rd1 Qe7 10.h3 b6 11.cxd5 cxd5 12.Nb5 Ba6 13.Bd2 Ne4 14.Be1 Bb4 15.Bxb4 Qxb4
16.a3 Qe7 17.Qa4 Bb7 18.Rac1 a6 19.Nc7 b5 20.Qa5 Rac8 21.Nxa6 Bxa6 22.Qxa6 Ra8
23.Qc6 Nd6 24.Bxb5 Nf6 25.Ba6 Rfb8 26.b4 Qd8 27.b5 Nc4 28.Rxc4 dxc4 29.Ne5 Qa5
30.Nxc4 Qc3 31.Rf1 Nd5 32.Qc5 Qc2 33.Nd6 Qd3 34.Rc1 Rd8 35.Bb7 Rxa3 36.Bxd5 exd5
37.b6 Rb3 38.Nxf7 Rf8 39.Qxd5 Kh7 40.Ne5 Qd2 41.Rf1 Qc2 42.Qc5 Rc8 43.Qd6 Ra8
44.h4 Rb1 45.Rxb1 Qxb1+ 46.Kh2 Qe4 47.Kg3 Ra2 48.h5 Qc2 49.Qg6+ Kg8 50.Qf7+ Kh7
51.Nd7  1-0

[Event "RUS-Cup10"]
[Site "Tomsk"]
[Date "1997.07.27"]
[Round "6"]
[White "Belozerov, Andrei"]
[Black "Averchenko, Sergej"]
[Result "1-0"]
[WhiteElo "2450"]
[BlackElo "2305"]

1.d4 d5 2.c4 c6 3.Nc3 Nf6 4.Nf3 e6 5.e3 Nbd7 6.Bd3 dxc4 7.Bxc4 b5 8.Bd3 a6
9.e4 c5 10.d5 c4 11.dxe6 fxe6 12.Bc2 Qc7 13.O-O Bd6 14.Nd4 Nb6 15.Kh1 Bd7
16.f4 e5 17.Nf5 Bxf5 18.exf5 O-O 19.a4 b4 20.a5 Nbd7 21.Ne4 Be7 22.Ng5 Qb7
23.Qe2 Qb5 24.Ba4 Qxa5 25.Bxd7 Qxa1 26.Be6+ Kh8 27.fxe5 c3 28.exf6 Bxf6 29.Nxh7 cxb2
30.Qh5 g6 31.fxg6  1-0

[Event "Wch U20"]
[Site "Zagan"]
[Date "1997.07.27"]
[Round "13"]
[White "Myc, Marcin"]
[Black "De Wachter, Matthias"]
[Result "1-0"]
[WhiteElo "2350"]
[BlackElo "2175"]

1.d4 d5 2.c4 c6 3.Nc3 Nf6 4.Nf3 e6 5.e3 Nbd7 6.Qc2 Bd6 7.Be2 O-O 8.O-O b6
9.e4 Nxe4 10.Nxe4 dxe4 11.Qxe4 Bb7 12.Rd1 Qc7 13.Bd3 g6 14.Qh4 Rfe8 15.Ng5 Nf8
16.Ne4 Be7 17.Bg5 c5 18.dxc5 bxc5 19.Bxe7 Qxe7 20.Qxe7 Rxe7 21.Nxc5 Rc8 22.b4 Rxc5
23.bxc5 Nd7 24.Be2 Nxc5 25.Rab1 Ba6 26.Kf1 h5 27.Rd6 Rc7 28.Rb8+ Kg7 29.Ke1 Kf6
30.Rb4 Ke7 31.Rd2 Ne4 32.Rc2 Nc5 33.h4 Rd7 34.Rd2 Rc7 35.f3 Rc8 36.a3 f5
37.Kf2 Rc7 38.Ke3 Kf6 39.g3 Ke5 40.Rd8 Rg7 41.f4+ Kf6 42.Rf8+ Ke7 43.Rbb8  1-0

[Event "Credit Suisse"]
[Site "Biel"]
[Date "1997.07.28"]
[Round "7"]
[White "Karpov, Anatoly"]
[Black "Gelfand, Boris"]
[Result "1/2-1/2"]
[WhiteElo "2745"]
[BlackElo "2695"]

1.d4 d5 2.c4 e6 3.Nc3 Nf6 4.e3 c6 5.Nf3 Nbd7 6.Qc2 Bd6 7.Bd3 O-O 8.O-O dxc4
9.Bxc4 b5 10.Bd3 Bb7 11.Bd2 b4 12.Ne4 Nxe4 13.Bxe4 Nf6 14.a3 bxa3 15.bxa3 Nxe4
16.Qxe4 Qe7 17.Rfb1 Rab8 18.Qg4 c5 19.dxc5 Bxc5 20.Bc3 f6  1/2-1/2

[Event "Bad Homburg"]
[Site "Bad Homburg"]
[Date "1997.07.29"]
[Round "4"]
[White "Alterman, Boris"]
[Black "Gabriel, Christian"]
[Result "1-0"]
[WhiteElo "2615"]
[BlackElo "2575"]

1.d4 d5 2.c4 c6 3.Nc3 e6 4.e3 Nf6 5.Nf3 Nbd7 6.Bd3 dxc4 7.Bxc4 b5 8.Bd3 a6
9.e4 c5 10.d5 Qc7 11.dxe6 fxe6 12.O-O Bb7 13.Bc2 c4 14.Nd4 Nc5 15.Be3 e5
16.Nf3 Rd8 17.Qe2 Be7 18.a4 Ncxe4 19.Nxe4 Bxe4 20.Bxe4 Nxe4 21.axb5 axb5
22.Ra7 Qd6 23.Bd4 Ng5 24.Nxe5 O-O 25.Nc6 Nf3+ 26.Qxf3 Rxf3 27.Nxe7+ Kf8 28.Bxg7+ Ke8
29.Nc6 Qe6 30.Nxd8 Kxd8 31.gxf3 Qg6+ 32.Kh1 Qd3 33.Rfa1 Qxf3+ 34.Kg1 Qg4+
35.Kf1 Qh3+ 36.Ke1 Qe6+ 37.Kd2 Qd5+ 38.Ke3 Qd3+ 39.Kf4 Qd2+ 40.Ke5 Qxb2+
41.Kd6 Qd2+ 42.Kc6  1-0

[Event "RUS-Cup10"]
[Site "Tomsk"]
[Date "1997.07.31"]
[Round "9"]
[White "Yakovich, Yuri"]
[Black "Galkin, Alexander"]
[Result "1/2-1/2"]
[WhiteElo "2610"]
[BlackElo "2540"]

1.d4 d5 2.c4 c6 3.Nc3 Nf6 4.e3 e6 5.Nf3 Nbd7 6.Bd3 dxc4 7.Bxc4 b5 8.Bd3 Bb7
9.e4 b4 10.Na4 c5 11.e5 Nd5 12.O-O cxd4 13.Re1 g6 14.Bd2 Bg7 15.Bb5 a6 16.Nc5 axb5
17.Nxb7 Qb6 18.Nd6+ Ke7 19.Bg5+ Kf8 20.Nxd4 Nxe5 21.N4xb5 h6  1/2-1/2

[Event "MK Cafe op-A"]
[Site "Koszalin"]
[Date "1997.08.03"]
[Round "1"]
[White "Kokkila, Tero"]
[Black "Gdanski, Jacek"]
[Result "1/2-1/2"]
[WhiteElo "2335"]
[BlackElo "2505"]

1.d4 d5 2.c4 e6 3.Nc3 c6 4.e3 Nf6 5.Nf3 Nbd7 6.Qc2 Bd6 7.Bd3 O-O 8.O-O Re8
9.e4 dxe4 10.Nxe4 Nxe4 11.Bxe4 h6 12.Bd2 Qc7 13.Rad1 e5 14.Rfe1 exd4 15.Bh7+ Kf8
16.Rxe8+ Kxe8 17.Qe4+ Kf8 18.Qxd4 c5  1/2-1/2

[Event "AUT-ch (Women)"]
[Site "Gallspach"]
[Date "1997.08.04"]
[Round "8"]
[White "Horvath, Maria"]
[Black "Lukan, Dunja"]
[Result "1-0"]
[WhiteElo "2070"]
[BlackElo "1804"]

1.d4 d5 2.Nf3 Nf6 3.c4 e6 4.Nc3 c6 5.e3 Nbd7 6.Qc2 Bd6 7.Be2 O-O 8.O-O Re8
9.Rd1 Qe7 10.b3 b6 11.Bb2 Bb7 12.e4 dxe4 13.Nxe4 Nxe4 14.Qxe4 Nf6 15.Qh4 c5
16.dxc5 Bxc5 17.Bd3 h6 18.Ne5 Ba3 19.Bxa3 Qxa3 20.Rd2 Qc5 21.Qf4 Re7 22.Rad1 Qc7
23.Bb1 Rae8 24.Qe3 Bc8 25.Rd6 Bb7 26.R6d4 Ba8 27.b4 Qb7 28.f3 Qc7 29.b5 Qc5
30.Kh1 Kf8 31.Qd3 Bb7 32.h3 a6 33.a4 axb5 34.axb5 Rc8 35.f4 Ree8 36.Qd2 Re7
37.Qd3 g6 38.Qg3 Qc7 39.Qh4 Kg7 40.Qg3 Kf8 41.Qc3 Kg8 42.Qd3 Kf8 43.Qd2 Kg7
44.Re1 Ree8 45.Rd1 Re7 46.Qf2 Ba8 47.Kh2 Bb7 48.Qh4 Qc5 49.Qg3 Nh5 50.Qc3 Kh7
51.Rd7 Rxd7 52.Rxd7 Rc7 53.Bxg6+  1-0

[Event "MK Cafe op-A"]
[Site "Koszalin"]
[Date "1997.08.04"]
[Round "2"]
[White "Savitskaya, Ekaterina P"]
[Black "Payen, Arnaud"]
[Result "0-1"]
[WhiteElo "2260"]
[BlackElo "2365"]

1.d4 d5 2.c4 c6 3.Nf3 Nf6 4.Nc3 e6 5.e3 Nbd7 6.Bd3 Bd6 7.O-O O-O 8.e4 dxc4
9.Bxc4 e5 10.Be3 Qe7 11.Re1 exd4 12.Bxd4 Ne5 13.Bxe5 Bxe5 14.Nxe5 Qxe5 15.h3 Be6
16.Qb3 Nh5 17.Bxe6 fxe6 18.Rad1 Rf7 19.Re3 Raf8 20.Rd2 Nf4 21.Qd1 b5 22.Rd8 b4
23.Na4 c5 24.Rxf8+ Rxf8 25.Qc2 Rc8 26.Qd2 Qd4 27.Qe1 e5 28.a3 Qd7 29.b3 bxa3
30.Qc1 a2 31.Nc3 c4 32.b4 Nd3 33.Qa3 Nxb4 34.Nxa2 Nc2  0-1

[Event "MK Cafe op-A"]
[Site "Koszalin"]
[Date "1997.08.05"]
[Round "4"]
[White "Vaulin, Alexander"]
[Black "Payen, Arnaud"]
[Result "1-0"]
[WhiteElo "2530"]
[BlackElo "2365"]

1.c4 c6 2.d4 d5 3.Nf3 Nf6 4.Nc3 e6 5.e3 Nbd7 6.Bd3 Bd6 7.e4 dxe4 8.Nxe4 Nxe4
9.Bxe4 h6 10.O-O O-O 11.Bc2 e5 12.Re1 Bb4 13.Bd2 Bxd2 14.Qxd2 exd4 15.Qxd4 Nf6
16.Qc3 Bg4 17.Ne5 Qc8 18.c5 Re8 19.Nc4 Qd7 20.Nd6 Rxe1+ 21.Rxe1 Kf8 22.Bb3 Bh5
23.Qb4 Rb8 24.h3 Ne8 25.f4 Nxd6 26.cxd6 Re8 27.Rxe8+ Kxe8 28.Qc5 Bg6 29.Qxa7 Qxd6
30.Qa8+ Qd8 31.Qxb7 Qd4+ 32.Kh1 Qxf4 33.Qxc6+ Ke7 34.Qc5+ Kf6 35.Qc3+ Ke7
36.Bd5 h5 37.Qa3+ Kd8 38.Qa8+ Ke7 39.Qb7+ Kd8 40.Qb6+ Ke7 41.Qc5+ Kd8 42.b4 h4
43.Bf3 Qf6 44.b5 Qa1+ 45.Kh2 Qxa2 46.Qd6+  1-0

[Event "AUT-ch"]
[Site "Moesern"]
[Date "1997.08.05"]
[Round "4"]
[White "Hoelzl, Franz"]
[Black "Kummer, Helmut"]
[Result "0-1"]
[WhiteElo "2440"]
[BlackElo "2380"]

1.Nf3 Nf6 2.c4 c6 3.d4 d5 4.Nc3 e6 5.e3 Nbd7 6.Be2 Bd6 7.O-O O-O 8.b3 Qe7
9.Bb2 Re8 10.h3 a6 11.Qc2 dxc4 12.Bxc4 h6 13.Ne2 e5 14.Ng3 e4 15.Nf5 Qf8
16.Nxd6 Qxd6 17.Ne5 Re7 18.a4 Qc7 19.a5 Nxe5 20.dxe5 Rxe5 21.Bxe5 Qxe5 22.Rfd1 Be6
23.Qd2 Bd5 24.Qb4 Rb8 25.Rac1 g5 26.Qb6 Kh7 27.Rd2 h5 28.Bxd5 Nxd5 29.Rd4  0-1

[Event "Montecatini Terme op"]
[Site "Montecatini Terme"]
[Date "1997.08.07"]
[Round "7"]
[White "Greenfeld, Alon"]
[Black "Horvath, Csaba"]
[Result "1/2-1/2"]
[WhiteElo "2540"]
[BlackElo "2530"]

1.d4 d5 2.c4 c6 3.Nc3 Nf6 4.Nf3 e6 5.e3 Nbd7 6.Qc2 Bd6 7.Bd3 O-O 8.O-O dxc4
9.Bxc4 a6 10.Rd1 b5 11.Bd3 Bb7 12.e4 e5 13.dxe5 Nxe5 14.Nxe5 Bxe5 15.Bxb5 Bxh2+
16.Kh1 Qe7 17.Be2 Be5 18.Bf3 c5 19.Be3 Rfe8 20.Kg1 Bxc3 21.bxc3 Bxe4 22.Bxe4 Nxe4
23.Rab1 Qe5 24.Rb3 Rad8 25.c4 Rxd1+ 26.Qxd1 h6 27.Rb6 a5 28.Qd5 Qa1+ 29.Kh2 Re5
30.Rb8+ Kh7 31.Rb1 Rxd5 32.Rxa1 Rd3 33.Re1 Rc3 34.f3 Nf6 35.Bxc5 Rxc4 36.Be7 Nd5
37.Bd6 Ra4 38.Re5 Rd4 39.a3 a4 40.Bc5 Rd2 41.Re4 Rc2 42.Ba7 g5 43.Kg1 Nc3
44.Re7 Kg6 45.Rb7 Ne2+ 46.Kf1 Ng3+ 47.Kg1 f5 48.Rb4 f4 49.Kh2 Nf1+ 50.Kh3 Rc1
51.Bg1 Ne3 52.Kh2 Rc4 53.Rb6+ Kf5 54.Rxh6 g4 55.Bxe3 fxe3 56.Kg3 gxf3 57.Kxf3 Rc3
58.Ra6 Rxa3 59.Ra5+ Ke6 60.g4 Kf6 61.Ke2 Kg6  1/2-1/2

[Event "MK Cafe op-A"]
[Site "Koszalin"]
[Date "1997.08.10"]
[Round "9"]
[White "Malaniuk, Vladimir P"]
[Black "Khenkin, Igor"]
[Result "1/2-1/2"]
[WhiteElo "2615"]
[BlackElo "2550"]

1.Nf3 d5 2.c4 c6 3.e3 Nf6 4.Nc3 e6 5.d4 Nbd7 6.Bd3 dxc4 7.Bxc4 b5 8.Be2 a6
9.e4 b4 10.e5 bxc3 11.exf6 Nxf6 12.bxc3 Bd6 13.Qa4 Bd7 14.Ne5 c5 15.Nxd7 Qxd7
16.Qxd7+ Kxd7 17.Bd3 Rab8 18.dxc5 Bxc5 19.Bf4 Rb6  1/2-1/2

[Event "Holger Blomstrand's op"]
[Site "Goeteborg"]
[Date "1997.08.14"]
[Round "6"]
[White "Akesson, Joel"]
[Black "Lahlum, Hans Olav"]
[Result "1/2-1/2"]
[WhiteElo "2215"]
[BlackElo "2230"]

1.d4 d5 2.c4 e6 3.Nc3 c6 4.e3 Nf6 5.Nf3 Nbd7 6.Qc2 Bd6 7.b3 O-O 8.Be2 Re8
9.O-O Qe7 10.Rd1 b6 11.e4 Nxe4 12.Nxe4 dxe4 13.Qxe4 Bb7 14.Bg5 f6 15.Bd3 g6
16.Bf4 Bxf4 17.Qxf4 e5 18.dxe5 fxe5 19.Qe3 Nf6 20.Ng5 Ng4 21.Qc1 Rf8 22.Rf1 c5
23.f3 Qd6 24.Be4 Bxe4 25.Nxe4 Qd4+ 26.Kh1 Rad8 27.h3 Ne3 28.Re1 Nf5 29.Qg5 Kg7
30.Ng3 Nxg3+  1/2-1/2

[Event "Holger Blomstrand's op"]
[Site "Goeteborg"]
[Date "1997.08.15"]
[Round "7"]
[White "Cankulovski, Bojko"]
[Black "Akesson, Joel"]
[Result "0-1"]
[WhiteElo "2210"]
[BlackElo "2215"]

1.d4 d5 2.c4 c6 3.Nf3 Nf6 4.Nc3 e6 5.e3 Nbd7 6.Qc2 Bd6 7.b3 O-O 8.Be2 Re8
9.O-O dxc4 10.bxc4 e5 11.Rd1 Qe7 12.Rb1 e4 13.Nd2 Nf8 14.a4 Ng6 15.c5 Bc7
16.Nc4 Nh4 17.Ba3 Qe6 18.Nd6 Bxd6 19.cxd6 Nxg2 20.d7 Bxd7 21.Kxg2 Qh3+ 22.Kg1 Ng4
23.Bd6 Re6 24.Bxg4 Rg6 25.Bg3 Bxg4 26.Qxe4 h5 27.Qg2 Qxg2+ 28.Kxg2 Bxd1 29.Nxd1 h4
30.Rxb7 hxg3 31.hxg3 c5 32.d5 Rb6 33.Rc7 Rb4 34.d6 Rd8 35.d7 Rb6 36.Rc8 Rb8
37.Rc7 Kf8 38.Rxa7 Ke7 39.Nc3 Rxd7 40.Ra5 Rc8 41.Rb5 Rd3 42.Rb7+ Ke8 43.Nb5 c4
44.Nd4 c3 45.Rb1 Rd2 46.Rc1 Ke7 47.Nb5 c2 48.Nd4 Kd6 49.a5 Kd5 50.Kf3 Rxd4  0-1

[Event "FRA-ch"]
[Site "Narbonne"]
[Date "1997.08.21"]
[Round "6"]
[White "Chabanon, Jean Luc"]
[Black "Anic, Darko"]
[Result "0-1"]
[WhiteElo "2455"]
[BlackElo "2445"]

1.d4 c6 2.Nf3 Nf6 3.c4 d5 4.Nc3 e6 5.e3 Nbd7 6.Qc2 Bd6 7.g4 dxc4 8.Bxc4 b5
9.Be2 Bb7 10.g5 Nd5 11.Ne4 Be7 12.Bd2 Qb6 13.Rc1 Rc8 14.Nc5 Nxc5 15.dxc5 Qc7
16.Rg1 Rd8 17.Rg4 f5 18.gxf6 Bxf6 19.e4 Ne7 20.e5 Bxe5 21.Nxe5 Qxe5 22.Bc3 Qxh2
23.Bxg7 Qh1+ 24.Bf1 Rg8 25.Qe2 Rd5 26.Rc3 Qh5 27.Re3 Qf5 28.f3 Bc8 29.b4 h5
30.Rg2 Qb1+ 31.Kf2 Qxb4 32.Kg1 Qxc5 33.Kh1 Rg5 34.Re5 Rxg2 35.Qxg2 Qd4 36.Rg5 Qh4+
37.Kg1 Kf7 38.Bh6 Rxg5 39.Bxg5 Qd4+ 40.Kh2 Nf5 41.Be2 Qd5 42.Qf2 Qxa2 43.f4 Kg8
44.Bf6 Bd7 45.Bc3 Be8 46.Qg1+ Kh7 47.Qd1 c5 48.Kg1 b4 49.Be5 Qd5 50.Qa1 Bc6
51.Qxa7+ Kh6 52.Kf2 Qg2+ 53.Ke1 Qg1+ 54.Kd2 Qe3+ 55.Kd1 Bf3 56.Bxf3 Qxf3+
57.Kc1 Qa3+  0-1

[Event "Rishon Le Ziyyon 9798"]
[Site "Rishon Le Ziyyon"]
[Date "1997.08.23"]
[Round "9"]
[White "Tsesarsky, Ilya"]
[Black "Stisis, Yaacov"]
[Result "1-0"]
[WhiteElo "2390"]
[BlackElo "2375"]

1.Nf3 d5 2.d4 Nf6 3.c4 c6 4.Nc3 e6 5.e3 Nbd7 6.Qc2 Bd6 7.Bd3 O-O 8.b3 e5
9.cxd5 cxd5 10.Nb5 Bb4+ 11.Bd2 Bxd2+ 12.Nxd2 e4 13.Be2 a6 14.Nc7 Ra7 15.O-O b6
16.Rfc1 Nb8 17.b4 Qd6 18.Nxd5 Nxd5 19.Qxc8 Qxb4 20.Nxe4 Re7 21.Ng3 f5 22.Qc4 Qa5
23.Bf3 Rd7 24.Ne2 Kh8 25.Bxd5 Rxd5 26.Nf4 Rd6 27.h4 Nd7 28.Qc7 Qa3 29.Rc3 Qb2
30.Rac1 Rff6 31.Qxd7  1-0

[Event "Villarrobledo rapid op"]
[Site "Villarrobledo"]
[Date "1997.08.24"]
[Round "6"]
[White "Milos, M."]
[Black "Chernin, Alexander"]
[Result "0-1"]
[WhiteElo "2590"]
[BlackElo "2640"]

1.d4 d5 2.c4 c6 3.Nc3 Nf6 4.e3 e6 5.Nf3 Nbd7 6.Bd3 dxc4 7.Bxc4 b5 8.Bd3 a6
9.e4 c5 10.d5 c4 11.Bc2 e5 12.O-O Bd6 13.Qe2 Nc5 14.a4 Bd7 15.axb5 axb5 16.Be3 Rc8
17.Bxc5 Rxc5 18.Ra6 Qb8 19.Qe3 Ng4 20.Qd2 O-O 21.Ne2 Bc8 22.Raa1 Rc7 23.Ng3 Ra7
24.h3 Nf6 25.Qe3 Rc7 26.Nh4 g6 27.Ngf5 Bc5 28.Qg5 Ne8 29.Kh1 f6 30.Qg3 Kh8
31.Ne3 Rg7 32.Nf3 Nd6 33.Nd2 Bd4 34.Rab1 f5 35.exf5 gxf5 36.Qf3 Bd7 37.Qh5 Qe8
38.Qxe8 Rxe8 39.Nf3 Bc5 40.Rfe1 e4 41.Nd2 Bb4 42.Re2 Ra8 43.Nef1 Re7 44.f3 e3
45.f4 Bc5 46.Nf3 b4 47.b3 Bb5 48.bxc4 Bxc4 49.Ree1 Ra2 50.Bb3 Bxb3 51.Rxb3 e2  0-1

[Event "Schwarzach op-B"]
[Site "Schwarzach"]
[Date "1997.08.28"]
[Round "6.9"]
[White "Philippe, Denis"]
[Black "Eder, Herbert"]
[Result "1-0"]
[WhiteElo "1803"]
[BlackElo "1670"]

1.d4 d5 2.c4 c6 3.Nf3 e6 4.e3 Nf6 5.Nc3 Nbd7 6.Qc2 Bd6 7.b3 Qe7 8.Be2 O-O
9.O-O Re8 10.Rd1 a6 11.Bb2 b6 12.Rac1 Bb7 13.Qb1 e5 14.cxd5 e4 15.dxc6 Bxc6
16.Ne1 Nd5 17.g3 Nxc3 18.Bxc3 Nf6 19.Bb4 Bd5 20.Bxd6 Qxd6 21.Ng2 g5 22.Qc2 Kg7
23.h4 h6 24.Bc4 Rac8 25.Qe2 Bb7 26.a4 Ra8 27.Rc2 Bc8 28.Qd2 Bd7 29.Rdc1 b5
30.axb5 axb5 31.Be2 Ra3 32.Rc5 Kg6 33.Bxb5 Rxb3 34.Bxd7 Qxd7 35.Qc2 Rd3 36.Rd1 Ra3
37.Rc6 Qg4 38.Rc1 Rea8 39.Qd1 Ra2 40.Rxf6+ Kxf6  1-0

[Event "Chania op 7th"]
[Site "Chania"]
[Date "1997.09.07"]
[Round "5"]
[White "Kalesis, Nikolaos"]
[Black "Kagas, Konstantinos"]
[Result "1-0"]
[WhiteElo "2400"]
[BlackElo "2120"]

1.d4 d5 2.c4 e6 3.Nc3 c6 4.e3 Nf6 5.Nf3 Bd6 6.Bd3 Nbd7 7.O-O O-O 8.e4 dxe4
9.Nxe4 Nxe4 10.Bxe4 e5 11.dxe5 Nxe5 12.Nxe5 Bxe5 13.Bxh7+ Kxh7 14.Qh5+ Kg8
15.Qxe5 Qd3 16.b3 Rd8 17.Be3 Qf5 18.Qg3 Qg4 19.Qxg4 Bxg4 20.f3 Bf5 21.Kf2 f6
22.g4 Be6 23.Rad1 b6 24.Kg3 Kf7 25.h4 Ke7 26.h5 Rxd1 27.Rxd1 Rd8 28.Re1 Kf7
29.f4 Bc8 30.Kf3 c5 31.Re2 Rd3 32.g5 Bf5 33.Rh2 Rc3 34.h6 Rc2 35.Rh5 gxh6
36.gxh6 Bh7 37.Rd5 Rxa2 38.Rd7+ Kg8 39.Rg7+ Kh8 40.Bf2 Rd2 41.Bh4 Rd6 42.Kg4 a5
43.f5 Rd4+ 44.Kh5 Rd6 45.Rg6  1-0

[Event "Chania op 7th"]
[Site "Chania"]
[Date "1997.09.10"]
[Round "8"]
[White "Bagaturov, Giorgi"]
[Black "Wagner, Bernd"]
[Result "1-0"]
[WhiteElo "2485"]
[BlackElo "2210"]

1.d4 d5 2.Nf3 Nf6 3.c4 e6 4.Nc3 c6 5.e3 Nbd7 6.Bd3 dxc4 7.Bxc4 b5 8.Bd3 a6
9.e4 c5 10.d5 c4 11.Bc2 e5 12.O-O Bd6 13.Ne2 O-O 14.Ng3 Re8 15.h3 Qb6 16.Nf5 Nc5
17.Nxd6 Qxd6 18.Qe2 a5 19.Bg5 h6 20.Bxf6 Qxf6 21.b3 cxb3 22.axb3 Bd7 23.Qe3 Qd6
24.Rfc1 a4 25.bxa4 Nxa4 26.Bxa4 bxa4 27.Nd2 Bb5 28.Rc5 Reb8 29.Ra3 Qa6 30.Qc3 f6
31.Nc4 Bxc4 32.Rxc4 Rb3 33.Rxb3 axb3 34.Qxb3 Qa1+ 35.Kh2 Qe1 36.d6 Kh7 37.d7 Qxf2
38.Rc8 Ra1 39.Rh8+ Kg6 40.Qg3+  1-0

[Event "EU-ch U20"]
[Site "Tallinn"]
[Date "1997.09.10"]
[Round "1"]
[White "Banikas, Hristos"]
[Black "Papazov, Ivajlo"]
[Result "1-0"]
[WhiteElo "2450"]
[BlackElo "2240"]

1.d4 d5 2.c4 c6 3.Nc3 Nf6 4.e3 e6 5.Nf3 Nbd7 6.Qc2 Bd6 7.Be2 O-O 8.O-O Qe7
9.a3 b6 10.e4 dxe4 11.Nxe4 Nxe4 12.Qxe4 Bb7 13.Bf4 Nf6 14.Bxd6 Qxd6 15.Qe5 Rfd8
16.Rfd1 Qxe5 17.Nxe5 Rd6 18.c5 bxc5 19.dxc5 Rd5 20.Rxd5 exd5 21.Bd3 Re8 22.f4 Nh5
23.g3 f6 24.Nf3 Re3 25.Ne1 g6 26.Kf2 Re7 27.Nf3 Ng7 28.b4 Kf7 29.Re1 Rxe1
30.Kxe1 Ke7 31.Kf2 Kd7 32.g4 Ke7 33.h3 Bc8 34.Nd4 Bd7 35.a4 Kd8 36.b5 Kc7
37.f5 g5 38.Ke3 h6 39.bxc6 Be8 40.Ba6  1-0

[Event "EU-ch U20"]
[Site "Tallinn"]
[Date "1997.09.11"]
[Round "2"]
[White "Tyomkin, Dimitri"]
[Black "Marzolo, Cyril"]
[Result "1-0"]
[WhiteElo "2390"]
[BlackElo "2320"]

1.d4 d5 2.c4 c6 3.Nc3 Nf6 4.e3 e6 5.Nf3 Nbd7 6.a3 Bd6 7.b4 O-O 8.Bb2 Qe7
9.Qc2 dxc4 10.Bxc4 e5 11.h3 e4 12.Nd2 Re8 13.O-O Nb6 14.Bb3 Bd7 15.f3 Nbd5
16.Rae1 Bf5 17.Ncxe4 Nxe4 18.fxe4 Bxe4 19.Nxe4 Qxe4 20.Qxe4 Rxe4 21.Rf3 Rae8
22.Kf2 g6 23.Bc2 R4e7 24.e4 f5 25.e5 Bc7 26.g4 fxg4 27.hxg4 Bb6 28.Kg3 Rf7
29.Rxf7 Kxf7 30.Bb3 Ke6 31.b5 cxb5 32.Rh1 Re7 33.Rf1 Rd7 34.Rf8 Ke7 35.Rh8 Ne3
36.d5  1-0

[Event "ISL-ch"]
[Site "Akureyri"]
[Date "1997.09.12"]
[Round "4"]
[White "Sigurpalsson, Runar"]
[Black "Thorfinnsson, Bragi"]
[Result "0-1"]
[WhiteElo "2275"]
[BlackElo "2215"]

1.c4 e6 2.Nf3 d5 3.d4 c6 4.Nc3 Nf6 5.e3 Be7 6.Bd3 a6 7.O-O dxc4 8.Bxc4 b5
9.Bd3 O-O 10.Ne5 Bb7 11.Qf3 Bd6 12.Qg3 c5 13.Rd1 Qc7 14.f4 Rd8 15.dxc5 Bxc5
16.a3 Nbd7 17.b4 Bb6 18.Nxd7 Rxd7 19.Bb2 Nh5 20.Qh4 Bxe3+ 21.Kh1 Bxg2+ 22.Kxg2 Nxf4+
23.Kf3 Rxd3 24.Rxd3 Nxd3 25.Kxe3 Nxb2 26.Ne4 Qe5  0-1

[Event "Banicky Kahanec"]
[Site "Prievidza"]
[Date "1997.09.14"]
[Round "8"]
[White "Vavrak, Peter"]
[Black "Boidman, Yuri"]
[Result "0-1"]
[WhiteElo "2420"]
[BlackElo "2245"]

1.d4 d5 2.Nf3 Nf6 3.c4 c6 4.e3 e6 5.Nc3 Nbd7 6.Qc2 Bd6 7.b3 O-O 8.Bd3 dxc4
9.bxc4 e5 10.O-O Qe7 11.Bb2 Re8 12.Ng5 exd4 13.exd4 Bxh2+ 14.Kxh2 Ng4+ 15.Kg3 Qxg5
16.Bxh7+ Kh8 17.Qf5 Qh6 18.Rh1 Ndf6 19.Rxh6 Nxh6 20.Qd3 Nxh7 21.f3 Nf6 22.Kf2 Bf5
23.Qd2 Be6 24.d5 cxd5 25.Nxd5 Nhg4+ 26.Kg1 Bxd5 27.cxd5 Ne5 28.Qg5 Ned7 29.Kf2 Kg8
30.Rh1 Rac8 31.Bxf6 Rc2+ 32.Kg3 Nxf6 33.Qh4 Kf8 34.Qb4+ Kg8 35.Qh4 Kf8 36.Qh8+ Ke7
37.Re1+ Kd7 38.Rxe8 Nxe8 39.Qf8 Nd6 40.Qxg7  0-1

[Event "EU-ch U20"]
[Site "Tallinn"]
[Date "1997.09.14"]
[Round "5"]
[White "Belichev, Nikolai"]
[Black "Kelly, Bryan"]
[Result "1-0"]
[WhiteElo "2345"]
[BlackElo "2390"]

1.d4 d5 2.Nf3 c6 3.c4 e6 4.e3 Nf6 5.Nc3 Nbd7 6.Qc2 Bd6 7.Bd3 O-O 8.O-O Qe7
9.c5 Bc7 10.e4 dxe4 11.Nxe4 Nxe4 12.Bxe4 h6 13.Re1 Rd8 14.Bd2 Nf6 15.Bd3 a5
16.a3 Bd7 17.b4 b6 18.Bc3 Nd5 19.g3 Be8 20.Bd2 Nf6 21.Rec1 Qd7 22.Bf1 b5
23.a4 axb4 24.Bxb4 Nd5 25.Bd2 bxa4 26.Rxa4 Rdb8 27.Rca1 Qd8 28.Ne5 Ne7 29.Bc3 Qc8
30.Nc4 Nd5 31.Ba5 Bxa5 32.Rxa5 Rxa5 33.Rxa5 Ra8 34.Nd6 Qb8 35.Rxa8 Qxa8 36.Qb2 Qd8
37.Bg2 Ne7 38.Qb6 Qd7 39.Qb8 Kf8 40.Be4 Nd5 41.Bxd5 exd5 42.Kg2 f6 43.h3 Qe6
44.Kf3 Qe1 45.h4 Qd1+ 46.Kg2 Qe2 47.Qc8 Qe7 48.Kf1 h5 49.Kg2 Qe2 50.Qa8 Qe1
51.Qb8 Qe2 52.Qc8 Qe1 53.Qxe8+ Qxe8 54.Nxe8 Kxe8 55.Kf3 g5 56.g4 hxg4+ 57.Kxg4 gxh4
58.Kxh4 Kf7 59.Kg4 Kg6 60.Kf4 Kg7 61.Kf5 Kf7 62.f3  1-0

[Event "EU-ch U20"]
[Site "Tallinn"]
[Date "1997.09.17"]
[Round "8"]
[White "Rowson, Jonathan"]
[Black "Tyomkin, Dimitri"]
[Result "1/2-1/2"]
[WhiteElo "2490"]
[BlackElo "2390"]

1.d4 d5 2.c4 c6 3.Nc3 Nf6 4.e3 e6 5.Nf3 Nbd7 6.Qc2 Bd6 7.g4 Nxg4 8.Rg1 f5
9.h3 Ngf6 10.Rxg7 Ne4 11.Bd2 Qf6 12.Rg2 Nf8 13.O-O-O Ng6 14.Kb1 Bd7 15.Ka1 a6
16.Na4 b5 17.Nb6 Rb8 18.c5 Nxd2 19.Qxd2 Bc7 20.Be2 Bxb6 21.cxb6 Rxb6 22.Qa5 Qd8
23.Ne5 Rb8 24.Qxd8+ Kxd8 25.Nf7+ Ke7 26.Nxh8 Rxh8 27.h4 Kf6 28.h5 Ne7 29.b4 Be8
30.Kb2 Bf7 31.Ra1 Nc8 32.a4 Nd6 33.axb5 axb5 34.Ra7 Rc8 35.Rd7 Nc4+ 36.Bxc4 bxc4
37.h6 Bg6 38.Rb7 f4 39.Rg1  1/2-1/2

[Event "ISL-ch"]
[Site "Akureyri"]
[Date "1997.09.18"]
[Round "9"]
[White "Thorhallsson, Throstur"]
[Black "Thorsteinsson, Arnar"]
[Result "1-0"]
[WhiteElo "2510"]
[BlackElo "2285"]

1.d4 d5 2.c4 e6 3.Nc3 c6 4.Nf3 Nf6 5.e3 Ne4 6.Nxe4 dxe4 7.Nd2 f5 8.f3 Bd6
9.g3 O-O 10.fxe4 e5 11.Bg2 exd4 12.exd4 fxe4 13.Nxe4 Bb4+ 14.Bd2 Na6 15.a3 Ba5
16.Bxa5 Qxa5+ 17.b4 Nxb4 18.axb4 Qxb4+ 19.Qd2 Qxc4 20.Qa2 Be6 21.Qxc4 Bxc4
22.Nd6 Bb3 23.Rb1 Rad8 24.Rxb3 Rxd6 25.d5 b6 26.Ke2 cxd5 27.Rd1 d4 28.Be4 g6
29.Rb4 Rfd8 30.Kd3 Kg7 31.Ra1 R8d7 32.Rba4 a5 33.Rb1 Kf6 34.Rc4 Ke7 35.Bc6 Ra7
36.Rxb6 a4 37.Rxa4 Rxa4 38.Rb7+ Kf6 39.Bxa4 h5 40.Rb4 Kg5 41.Bd1 h4 42.Rb5+ Kh6
43.g4  1-0

[Event "EU-ch U20"]
[Site "Tallinn"]
[Date "1997.09.19"]
[Round "10"]
[White "Shishkov, Andrei"]
[Black "Tyomkin, Dimitri"]
[Result "0-1"]
[WhiteElo "2230"]
[BlackElo "2390"]

1.d4 d5 2.c4 e6 3.Nc3 c6 4.e3 Nf6 5.Nf3 Nbd7 6.Qc2 Bd6 7.b3 O-O 8.Be2 Qe7
9.O-O dxc4 10.bxc4 e5 11.Rb1 Re8 12.Rd1 e4 13.Nd2 Nf8 14.c5 Bc7 15.Nc4 Ng6
16.Ba3 Qe6 17.Nd6 Bxd6 18.cxd6 Nh4 19.Bf1 Qg4 20.Kh1 Qh5 21.Ne2 Nf5 22.Ng1 Nd5
23.h3 Qg6 24.d7 Bxd7 25.Rxb7 Bc8 26.Rb3 a5 27.Rdb1 a4 28.R3b2 h5 29.Rc1 Re6
30.Kh2 Ndxe3 31.fxe3 Qg3+ 32.Kh1 Qxe3 33.Qc3 Ng3+ 34.Kh2 Nxf1+ 35.Kh1 Qf4  0-1

[Event "EU-ch U20 Girls"]
[Site "Tallinn"]
[Date "1997.09.20"]
[Round "11"]
[White "Radziewicz, Iweta"]
[Black "Kononenko, Tatiana"]
[Result "0-1"]
[WhiteElo "2220"]
[BlackElo "2275"]

1.d4 d5 2.c4 c6 3.Nc3 Nf6 4.e3 e6 5.Nf3 Bd6 6.Be2 Nbd7 7.O-O O-O 8.b3 Qe7
9.Bb2 Re8 10.Re1 h6 11.a4 a5 12.Qc1 b6 13.Ba3 c5 14.cxd5 exd5 15.Bb5 Bb7
16.Qd1 Rac8 17.Rc1 Qe6 18.Qe2 Ne4 19.Bb2 Bb8 20.Red1 Red8 21.Qe1 Ndf6 22.Ne2 Ng4
23.Nf4 Bxf4 24.exf4 Ngxf2 25.dxc5 bxc5 26.Qxa5 Nxd1 27.Rxd1 d4 28.Bc4 Bd5
29.Ne5 Bxc4 30.Nxc4 Nd6 31.Nd2 Qe3+ 32.Kh1 Qe2 33.Rc1 Nb7 34.Qb5 Qxd2 35.Qxb7 Qxb2
36.Re1 d3  0-1